[Event "CCT Playoff"]
[Site "Toronto CAN"]
[Date "2023.12.10"]
[Round "3.3"]
[White "Vachier-Lagrave, Maxime"]
[Black "So, Wesley"]
[Result "1/2-1/2"]
[WhiteElo "2731"]
[BlackElo "2752"]
[PlyCount "178"]
[EventDate "2023.12.09"]
[EventType "tourn"]
[EventRounds "7"]
[EventCountry "CAN"]
[EventCategory "20"]
[Source "ChessMix"]
[SourceDate "2023.12.20"]

1. c4 e5 2. Nc3 Nf6 3. Nf3 Nc6 4. g3 d5 5. cxd5 Nxd5 6. Bg2 Nf6 7. O-O h6 8. b4
e4 9. Ne1 Bxb4 10. Nxe4 Nxe4 11. Bxe4 O-O 12. Rb1 Ba5 13. e3 Re8 14. Bg2 Ne5
15. d4 c5 16. Bb2 Nc4 17. Nd3 cxd4 18. Bxd4 Nd2 19. Rb5 Nxf1 20. Rd5 Qc7 21.
Bxf1 Be6 22. Be5 Qb6 23. Rd6 Qb5 24. Qa1 f6 25. Bxf6 gxf6 26. Qxf6 Qf5 27. Qxh6
Bc3 28. e4 Qf6 29. Qxf6 Bxf6 30. Nf4 Bxa2 31. Rxf6 a5 32. Rg6+ Kf8 33. h4 a4
34. h5 Bf7 35. Rf6 Kg7 36. Rb6 Re7 37. h6+ Kh8 38. Bc4 a3 39. Ba2 Bxa2 40. Ng6+
Kh7 41. Nxe7 Bf7 42. Rf6 a2 43. Rxf7+ Kxh6 44. Nf5+ Kg6 45. Rxb7 a1=Q+ 46. Kg2
Re8 47. Rb6+ Kh7 48. f3 Qa7 49. Rh6+ Kg8 50. Kh3 Rf8 51. Kg4 Qd7 52. Rd6 Qc7
53. Rg6+ Kh7 54. Rh6+ Kg8 55. f4 Qb7 56. Re6 Qd7 57. Re7 Qd1+ 58. Kg5 Qd8 59.
Kg6 Qb6+ 60. Kh5 Rf7 61. Re5 Kh7 62. g4 Qg6+ 63. Kh4 Qb6 64. Rd5 Qf2+ 65. Kg5
Qb6 66. Rd3 Qf6+ 67. Kh5 Qg6+ 68. Kh4 Qb6 69. e5 Rc7 70. Rd6 Rc6 71. Rd7+ Kh8
72. Kg5 Rg6+ 73. Kh5 Rxg4 74. Kxg4 Qg6+ 75. Kf3 Qc6+ 76. Kg4 Qxd7 77. Kg5 Kh7
78. Nd6 Qe7+ 79. Kf5 Kg7 80. Ke4 Qd7 81. f5 Qc6+ 82. Kf4 Qg2 83. Ke3 Qd5 84.
Kf4 Qd4+ 85. Ne4 Kf7 86. e6+ Ke7 87. Kf3 Qe5 88. Ng3 Qxf5+ 89. Nxf5+ Kxe6
1/2-1/2

[Event "CCT Playoff"]
[Site "Toronto CAN"]
[Date "2023.12.10"]
[Round "4.1"]
[White "Abdusattorov, Nodirbek"]
[Black "Caruana, Fabiano"]
[Result "1-0"]
[WhiteElo "2727"]
[BlackElo "2794"]
[PlyCount "193"]
[EventDate "2023.12.09"]
[EventType "tourn"]
[EventRounds "7"]
[EventCountry "CAN"]
[EventCategory "20"]
[Source "ChessMix"]
[SourceDate "2023.12.20"]

1. e4 e5 2. Nf3 Nc6 3. Bb5 a6 4. Ba4 Nf6 5. O-O Be7 6. d3 b5 7. Bb3 d6 8. a3
O-O 9. Nc3 Na5 10. Ba2 Be6 11. b4 Bxa2 12. Rxa2 Nc6 13. Bd2 d5 14. exd5 Nxd5
15. Ne4 f5 16. Ng3 Nb6 17. Re1 Qd5 18. Ra1 Rae8 19. Rc1 h6 20. c4 Qxd3 21. cxb5
Qxb5 22. Qb3+ Kh7 23. Qb1 g6 24. Qc2 Rf6 25. Bc3 Bd6 26. h4 Qc4 27. h5 Rg8 28.
Ba1 Qxc2 29. Rxc2 Nd4 30. Nxd4 exd4 31. Bxd4 Rf7 32. Bxb6 cxb6 33. Re6 Bxg3 34.
Rcc6 gxh5 35. Rxh6+ Kg7 36. fxg3 Kf8 37. Rc8+ Kg7 38. Rcc6 Kf8 39. Kh2 f4 40.
Rxb6 Rxg3 41. Rxa6 Kg7 42. Rxh5 Rd7 43. Rc5 Rg4 44. Rc4 Rh4+ 45. Kg1 Rg4 46.
Kf2 Kh7 47. Re6 Rdg7 48. Kf1 Rxg2 49. Rxf4 Ra2 50. Re3 Rc7 51. Rf2 Ra1+ 52. Kg2
Kg6 53. Rg3+ Kh5 54. Kh2 Rc4 55. Rh3+ Kg5 56. Rg3+ Kh5 57. Kg2 Rcc1 58. Re3 Kg4
59. Re4+ Kg5 60. Re3 Kg4 61. Rg3+ Kh5 62. Rd3 Kg4 63. Rd4+ Kg5 64. Rd3 Kg4 65.
Re2 Kf4 66. Rd4+ Kf5 67. Rd3 Kf4 68. Rf3+ Kg4 69. Re4+ Kg5 70. Rd3 Kf5 71. Re2
Kf4 72. Rf2+ Kg4 73. Rfd2 Kf4 74. Rd4+ Ke5 75. Rd5+ Ke4 76. R2d4+ Ke3 77. Rd3+
Ke4 78. R5d4+ Ke5 79. Rh4 Rg1+ 80. Kf2 Rgf1+ 81. Ke2 Rfe1+ 82. Kd2 Red1+ 83.
Ke2 Rg1 84. Rh5+ Ke4 85. Re3+ Kd4 86. Rh4+ Kd5 87. Rh5+ Kd4 88. Rh4+ Kd5 89.
Rc3 Rge1+ 90. Kf2 Rf1+ 91. Kg3 Rg1+ 92. Kh3 Rh1+ 93. Kg4 Rhg1+ 94. Kf5 Rg8 95.
Rc5+ Kd6 96. Rd4+ Ke7 97. Rc7+ 1-0

[Event "CCT Playoff"]
[Site "Toronto CAN"]
[Date "2023.12.10"]
[Round "4.1"]
[White "So, Wesley"]
[Black "Firouzja, Alireza"]
[Result "1/2-1/2"]
[WhiteElo "2752"]
[BlackElo "2763"]
[PlyCount "97"]
[EventDate "2023.12.09"]
[EventType "tourn"]
[EventRounds "7"]
[EventCountry "CAN"]
[EventCategory "20"]
[Source "ChessMix"]
[SourceDate "2023.12.20"]

1. e4 e5 2. Nf3 Nc6 3. Bc4 Nf6 4. d3 Bc5 5. O-O d6 6. c3 O-O 7. Bg5 h6 8. Bh4
a5 9. Re1 g5 10. Bg3 Ba7 11. Na3 Bg4 12. Nc2 Nh5 13. Ne3 Bxe3 14. Rxe3 Nf4 15.
Qd2 Kg7 16. Ne1 Qf6 17. Nc2 h5 18. f3 Be6 19. Ree1 h4 20. Bf2 Ne7 21. Ne3 Qg6
22. Bxe6 Qxe6 23. d4 f6 24. a4 c6 25. Rad1 Rad8 26. c4 c5 27. dxc5 dxc5 28.
Qxd8 Rxd8 29. Rxd8 Qb6 30. Rd7 Kf8 31. g3 Nh3+ 32. Kg2 Nxf2 33. Re2 Nh3 34.
Rxe7 g4 35. fxg4 Qb3 36. Rd7 Ng5 37. gxh4 Ne6 38. Nd5 Qxc4 39. Rf2 Qxe4+ 40.
Kg3 Nf4 41. Nxf4 Qe3+ 42. Kg2 exf4 43. Rdd2 Kf7 44. Rd7+ Kg6 45. Rdd2 c4 46.
Rc2 Qe4+ 47. Kh3 Qd3+ 48. Kg2 Qe4+ 49. Kh3 1/2-1/2

[Event "CCT Playoff"]
[Site "Toronto CAN"]
[Date "2023.12.10"]
[Round "4.1"]
[White "Vachier-Lagrave, Maxime"]
[Black "Lazavik, Denis"]
[Result "1/2-1/2"]
[WhiteElo "2731"]
[BlackElo "2566"]
[PlyCount "69"]
[EventDate "2023.12.09"]
[EventType "tourn"]
[EventRounds "7"]
[EventCountry "CAN"]
[EventCategory "20"]
[Source "ChessMix"]
[SourceDate "2023.12.20"]

1. e4 e5 2. Nf3 Nc6 3. Bb5 Nf6 4. O-O Nxe4 5. d4 Nd6 6. Bxc6 dxc6 7. dxe5 Nf5
8. Qxd8+ Kxd8 9. Nc3 Ke8 10. Bf4 Be7 11. Rad1 Nh4 12. Nxh4 Bxh4 13. Ne2 a6 14.
Rfe1 Be7 15. e6 Bxe6 16. Bxc7 Rc8 17. Be5 Rg8 18. Nf4 Rd8 19. Rxd8+ Kxd8 20.
Nxe6+ fxe6 21. Re3 g6 22. g4 Rf8 23. Kg2 Rf7 24. f4 Bc5 25. Rc3 Bf8 26. Kf3 Rd7
27. Ke2 Ke8 28. Rh3 Bc5 29. a4 Kf8 30. c3 Kg8 31. b4 Be7 32. Rf3 Kf7 33. Rh3
Kg8 34. Rf3 Kf7 35. Rh3 1/2-1/2

[Event "CCT Playoff"]
[Site "Toronto CAN"]
[Date "2023.12.10"]
[Round "4.2"]
[White "Caruana, Fabiano"]
[Black "Abdusattorov, Nodirbek"]
[Result "0-1"]
[WhiteElo "2794"]
[BlackElo "2727"]
[PlyCount "168"]
[EventDate "2023.12.09"]
[EventType "tourn"]
[EventRounds "7"]
[EventCountry "CAN"]
[EventCategory "20"]
[Source "ChessMix"]
[SourceDate "2023.12.20"]

1. e4 e5 2. Nf3 Nc6 3. Bc4 Nf6 4. d3 Be7 5. O-O O-O 6. Nc3 d6 7. a4 Be6 8. Nd5
Bxd5 9. exd5 Nb4 10. d4 Nbxd5 11. dxe5 dxe5 12. Nxe5 c6 13. Nf3 Qc7 14. c3 h6
15. Qc2 a5 16. g3 Bc5 17. Bd2 Rfe8 18. Rae1 Qb6 19. Bc1 Ng4 20. Rd1 Rad8 21.
Nd4 Ndf6 22. h3 Ne5 23. Be2 Bxd4 24. cxd4 Ng6 25. Bc4 Nd5 26. Qf5 Nf8 27. Qg4
Nf6 28. Qf3 Ne6 29. Bxe6 Rxe6 30. b3 Nd5 31. Bd2 Rde8 32. h4 Qd8 33. Rc1 b6 34.
Rc2 Qd7 35. Qf5 g6 36. Qf3 Kg7 37. Rfc1 Rf6 38. Qd3 Qg4 39. Rxc6 Rf3 40. Qf1
Qxd4 41. Qg2 Rd3 42. R6c4 Qb2 43. Qxd5 Qxc1+ 44. Rxc1 Rxd5 45. Be3 b5 46. axb5
Rxb5 47. Ra1 Rd8 48. Ra4 Rd3 49. Bd4+ f6 50. Rc4 Kf7 51. Bc3 Rd1+ 52. Kg2 Rc1
53. Rc7+ Ke6 54. Bxa5 Rxc7 55. Bxc7 Rxb3 56. Bf4 h5 57. Bh6 Kf5 58. Bf8 Ke4 59.
Be7 Rf3 60. Bd8 Rf5 61. Be7 Kd3 62. Kf1 Rf3 63. Bd8 f5 64. Bg5 Ke4 65. Kg2 Rb3
66. Bf4 Kd3 67. Kf3 Rb4 68. Bg5 Re4 69. Be3 Kc2 70. Ke2 Kc3 71. Kf3 Kd3 72. Bg5
Kc2 73. Be3 Kd1 74. Bc5 Ke1 75. Kg2 Ke2 76. Bd6 Rd4 77. Be5 Rd3 78. Bc7 Rf3 79.
Bb6 f4 80. gxf4 Rxf4 81. Kg3 Rg4+ 82. Kh3 Kf3 83. Be3 Rg2 84. Bc5 Rxf2 0-1

[Event "CCT Playoff"]
[Site "Toronto CAN"]
[Date "2023.12.10"]
[Round "4.2"]
[White "Firouzja, Alireza"]
[Black "So, Wesley"]
[Result "1/2-1/2"]
[WhiteElo "2763"]
[BlackElo "2752"]
[PlyCount "77"]
[EventDate "2023.12.09"]
[EventType "tourn"]
[EventRounds "7"]
[EventCountry "CAN"]
[EventCategory "20"]
[Source "ChessMix"]
[SourceDate "2023.12.20"]

1. e4 e5 2. Nf3 Nc6 3. Bb5 Nf6 4. O-O Nxe4 5. d4 Nd6 6. Ba4 exd4 7. c3 Be7 8.
cxd4 O-O 9. Re1 b5 10. Bb3 Bf6 11. Nc3 Nf5 12. Re4 Bb7 13. Rf4 Nce7 14. Bc2 Nd6
15. Rxf6 gxf6 16. Nh4 Ng6 17. Qh5 Qe7 18. Bd2 Rae8 19. Bd3 b4 20. Nb5 Ba6 21.
Nxd6 Bxd3 22. Nxe8 Rxe8 23. Nf3 Be2 24. Re1 Qf8 25. Qf5 Bxf3 26. Rxe8 Qxe8 27.
Qxf3 a5 28. h4 Nxh4 29. Qxf6 Qe4 30. f3 Qe2 31. Qxh4 Qxd2 32. Qd8+ Kg7 33. Qxd7
Qxb2 34. Qg4+ Kf6 35. Qf4+ Ke6 36. Qe5+ Kd7 37. Qd5+ Ke7 38. Qe5+ Kd7 39. Qd5+
1/2-1/2

[Event "CCT Playoff"]
[Site "Toronto CAN"]
[Date "2023.12.10"]
[Round "4.2"]
[White "Lazavik, Denis"]
[Black "Vachier-Lagrave, Maxime"]
[Result "1/2-1/2"]
[WhiteElo "2566"]
[BlackElo "2731"]
[PlyCount "66"]
[EventDate "2023.12.09"]
[EventType "tourn"]
[EventRounds "7"]
[EventCountry "CAN"]
[EventCategory "20"]
[Source "ChessMix"]
[SourceDate "2023.12.20"]

1. d4 Nf6 2. c4 g6 3. g3 c6 4. Nf3 Bg7 5. Bg2 d5 6. b3 O-O 7. Bb2 Bf5 8. O-O
Nbd7 9. Nbd2 a5 10. Nh4 Be6 11. Qc2 a4 12. e3 Qa5 13. Bc3 Qa6 14. Rab1 b6 15.
Rfc1 Rfc8 16. Bf1 Qa7 17. Qd1 c5 18. dxc5 bxc5 19. cxd5 Bxd5 20. Bg2 axb3 21.
axb3 Bxg2 22. Kxg2 Qb7+ 23. Qf3 Qxf3+ 24. Nhxf3 Nd5 25. Bxg7 Kxg7 26. Ra1 N5b6
27. Kf1 f6 28. Ke2 Kf7 29. Ne4 Rxa1 30. Rxa1 c4 31. bxc4 Rxc4 32. Ned2 Ra4 33.
Rxa4 Nxa4 1/2-1/2

[Event "CCT Playoff"]
[Site "Toronto CAN"]
[Date "2023.12.10"]
[Round "4.3"]
[White "Lazavik, Denis"]
[Black "Vachier-Lagrave, Maxime"]
[Result "1-0"]
[WhiteElo "2566"]
[BlackElo "2731"]
[PlyCount "101"]
[EventDate "2023.12.09"]
[EventType "tourn"]
[EventRounds "7"]
[EventCountry "CAN"]
[EventCategory "20"]
[Source "ChessMix"]
[SourceDate "2023.12.20"]

1. d4 d5 2. c4 dxc4 3. Nf3 Nf6 4. e3 e6 5. Bxc4 a6 6. O-O c5 7. e4 b5 8. Bd3
Bb7 9. e5 Nd5 10. Nc3 Nd7 11. Ng5 Be7 12. Qh5 g6 13. Qh6 Bf8 14. Qh3 Nxc3 15.
bxc3 Be7 16. Ne4 Qc7 17. a4 c4 18. Bc2 Nb6 19. Bh6 Rg8 20. Bf4 h5 21. Nd6+ Bxd6
22. exd6 Qc6 23. Be5 g5 24. f3 h4 25. Be4 Qd7 26. axb5 a5 27. Qg4 a4 28. Bh7
O-O-O 29. Bxg8 Rxg8 30. d5 Bxd5 31. Qd4 Kb7 32. Qc5 Rc8 33. Qe3 Qd8 34. Ra3 Ra8
35. Rb1 f6 36. Bd4 Qxd6 37. Bc5 Qc7 38. Rb4 Nd7 39. Be7 h3 40. Rbxa4 Rxa4 41.
Rxa4 Nb6 42. Ra6 hxg2 43. Bxf6 Nc8 44. Be5 Qh7 45. Qxg5 Qb1+ 46. Kxg2 Qxb5 47.
Ra2 Nb6 48. Qe7+ Nd7 49. Bd4 Kc6 50. Ra7 Bxf3+ 51. Kg3 1-0

[Event "CCT Playoff"]
[Site "Toronto CAN"]
[Date "2023.12.10"]
[Round "4.3"]
[White "So, Wesley"]
[Black "Firouzja, Alireza"]
[Result "1-0"]
[WhiteElo "2752"]
[BlackElo "2763"]
[PlyCount "55"]
[EventDate "2023.12.09"]
[EventType "tourn"]
[EventRounds "7"]
[EventCountry "CAN"]
[EventCategory "20"]
[Source "ChessMix"]
[SourceDate "2023.12.20"]

1. e4 e5 2. Nf3 Nf6 3. Nxe5 d6 4. Nf3 Nxe4 5. Nc3 Nxc3 6. dxc3 Be7 7. Be3 O-O
8. Qd2 Bf5 9. Nd4 Bd7 10. O-O-O Nc6 11. h4 Ne5 12. h5 h6 13. Kb1 Re8 14. Bf4
Bf6 15. Be2 a6 16. g4 c5 17. Nf5 Bxf5 18. gxf5 Kh7 19. Qxd6 Qxd6 20. Rxd6 Rad8
21. Rxd8 Bxd8 22. Rd1 Bg5 23. Bg3 Bf6 24. a4 Kg8 25. Rd5 Nc6 26. Bf3 b6 27. Rd6
Ne7 28. Rxb6 1-0

[Event "CCT Playoff"]
[Site "Toronto CAN"]
[Date "2023.12.11"]
[Round "5.1"]
[White "Carlsen, Magnus"]
[Black "So, Wesley"]
[Result "1/2-1/2"]
[WhiteElo "2830"]
[BlackElo "2752"]
[PlyCount "165"]
[EventDate "2023.12.09"]
[EventType "tourn"]
[EventRounds "7"]
[EventCountry "CAN"]
[EventCategory "20"]
[Source "ChessMix"]
[SourceDate "2023.12.20"]

1. e4 e5 2. Nf3 Nc6 3. Bb5 Nf6 4. d3 Bc5 5. c3 O-O 6. O-O d6 7. h3 Ne7 8. d4
Bb6 9. Re1 d5 10. Nxe5 Nxe4 11. Nd2 Nd6 12. Bd3 f6 13. Nef3 Bf5 14. Nb3 Bxd3
15. Qxd3 c6 16. a4 Ng6 17. h4 Re8 18. Rxe8+ Qxe8 19. h5 Nf8 20. Bf4 Ne4 21. a5
Bd8 22. Nc5 Ne6 23. Nxe6 Qxe6 24. a6 b5 25. Nd2 Qf5 26. Nxe4 dxe4 27. Qe3 Bb6
28. Re1 Re8 29. Qg3 Qxh5 30. Bc7 Qg5 31. Qxg5 fxg5 32. Bxb6 axb6 33. Kf1 Ra8
34. Ra1 Kf7 35. Ke2 Ke6 36. Ke3 Kd5 37. a7 h5 38. b3 h4 39. Ra6 g4 40. c4+ bxc4
41. bxc4+ Kxc4 42. Rxb6 Rxa7 43. Rxc6+ Kd5 44. Rc5+ Kd6 45. Rg5 h3 46. Rxg4
hxg2 47. Rxg2 Re7 48. Rg5 Rf7 49. Rg6+ Kd5 50. Rg5+ Kd6 51. Kxe4 Rxf2 52. Rg6+
Ke7 53. Rxg7+ Kf8 54. Ra7 Rf6 55. Ke5 Rh6 56. Rd7 Ke8 57. Rd6 Rh5+ 58. Ke6 Rg5
59. Rc6 Kd8 60. Kd6 Rh5 61. d5 Rh6+ 62. Kc5 Rh1 63. Ra6 Kc8 64. Kc6 Rc1+ 65.
Kd6 Rh1 66. Ra8+ Kb7 67. Re8 Rh6+ 68. Kd7 Rh7+ 69. Re7 Rh8 70. d6 Kb6 71. Rg7
Kb7 72. Rf7 Kb6 73. Re7 Kb7 74. Re6 Kb6 75. Re1 Rh7+ 76. Ke6 Rh6+ 77. Kd5 Kb7
78. Re7+ Kb6 79. Re2 Kb7 80. Rb2+ Kc8 81. Kc6 Rh7 82. Re2 Rc7+ 83. dxc7 1/2-1/2

[Event "CCT Playoff"]
[Site "Toronto CAN"]
[Date "2023.12.11"]
[Round "5.1"]
[White "Caruana, Fabiano"]
[Black "Lazavik, Denis"]
[Result "1-0"]
[WhiteElo "2794"]
[BlackElo "2566"]
[PlyCount "125"]
[EventDate "2023.12.09"]
[EventType "tourn"]
[EventRounds "7"]
[EventCountry "CAN"]
[EventCategory "20"]
[Source "ChessMix"]
[SourceDate "2023.12.20"]

1. e4 e5 2. Nf3 Nc6 3. Bc4 Bc5 4. c3 Nf6 5. d3 O-O 6. Nbd2 a6 7. a4 d6 8. h3
Ba7 9. Nf1 Be6 10. Bxe6 fxe6 11. Ng3 Qe8 12. O-O Nh5 13. Kh2 Nxg3 14. fxg3 a5
15. Bd2 Qd7 16. Qb3 Rae8 17. Rae1 Bb6 18. Qb5 Nb8 19. Qc4 Nc6 20. Rc1 Rf6 21.
Qb5 Ref8 22. Rce1 Nb8 23. Qb3 Nc6 24. Qd1 R6f7 25. Qe2 Ne7 26. b3 Ng6 27. d4
exd4 28. cxd4 Ne7 29. Bc3 h6 30. Rd1 Nc6 31. Qb5 d5 32. e5 Qd8 33. Qd3 Ne7 34.
b4 Nc6 35. b5 Nb4 36. Qd2 c5 37. bxc6 Nxc6 38. Rb1 Ba7 39. Rb3 b6 40. Bb2 Qd7
41. Ba3 Rc8 42. Rc1 Ne7 43. Rxc8+ Nxc8 44. Qc2 Bb8 45. Rc3 Na7 46. Bc1 Qd8 47.
Qg6 Qe8 48. Bxh6 Re7 49. Qg4 Qf7 50. Bd2 Re8 51. h4 b5 52. axb5 Nxb5 53. Rb3
Na7 54. Ng5 Qg6 55. h5 Qf5 56. Qxf5 exf5 57. Bxa5 Nc6 58. Bb6 Rc8 59. Ne6 Kf7
60. Nf4 Bc7 61. Bxc7 Rxc7 62. Rc3 Rc8 63. Nxd5 1-0

[Event "CCT Playoff"]
[Site "Toronto CAN"]
[Date "2023.12.11"]
[Round "5.1"]
[White "Vachier-Lagrave, Maxime"]
[Black "Firouzja, Alireza"]
[Result "1-0"]
[WhiteElo "2731"]
[BlackElo "2763"]
[PlyCount "157"]
[EventDate "2023.12.09"]
[EventType "tourn"]
[EventRounds "7"]
[EventCountry "CAN"]
[EventCategory "20"]
[Source "ChessMix"]
[SourceDate "2023.12.20"]

1. e4 e6 2. d4 d5 3. Nc3 Nf6 4. e5 Nfd7 5. f4 c5 6. Nf3 Nc6 7. Be3 a6 8. a3 Qb6
9. dxc5 Bxc5 10. Na4 Qa5+ 11. b4 Qxa4 12. bxc5 Qa5+ 13. Qd2 Qxd2+ 14. Kxd2 O-O
15. Bd3 f6 16. exf6 Nxf6 17. Rhe1 Ne4+ 18. Kc1 Bd7 19. Rb1 Rab8 20. g3 Nc3 21.
Rb3 Na4 22. Bg1 d4 23. Bxd4 Nxd4 24. Nxd4 Nxc5 25. Rb6 Rbc8 26. Kd2 Rfd8 27.
Reb1 g6 28. Ke3 Rc7 29. h4 Bc8 30. Nf3 Na4 31. R6b3 b5 32. Ne5 Nc3 33. Re1 Bb7
34. Kf2 Kg7 35. Nf3 Bxf3 36. Kxf3 Kf7 37. Re3 Na4 38. h5 Rdc8 39. hxg6+ hxg6
40. Rb1 Nc5 41. Rh1 Kg7 42. Be2 Rb8 43. Rb1 Rd8 44. c4 bxc4 45. Bxc4 Rd6 46.
Kg4 Kf6 47. Rbe1 Rcc6 48. Rh1 Nd7 49. Bb3 Kg7 50. Rhe1 Nf6+ 51. Kf3 Kf7 52. g4
Nd7 53. Ba2 Nc5 54. Rc1 Nd7 55. Rxe6 Rxc1 56. Rxd6+ Ke7 57. Re6+ Kf8 58. Rxg6
Rc3+ 59. Ke4 Rxa3 60. Bc4 Ra4 61. Kd4 Rb4 62. Rc6 Rb1 63. g5 Rd1+ 64. Ke4 Ke7
65. Bxa6 Nb8 66. Rh6 Nd7 67. Bc4 Nc5+ 68. Kf5 Rd4 69. Be2 Rd5+ 70. Kg4 Rd4 71.
Rc6 Nd7 72. Kg3 Nf8 73. Bg4 Rd3+ 74. Kf2 Rd4 75. Ke3 Ra4 76. Bf5 Ra5 77. Ke4
Ra3 78. Rc7+ Kd6 79. Rf7 1-0

[Event "CCT Playoff"]
[Site "Toronto CAN"]
[Date "2023.12.11"]
[Round "5.2"]
[White "Firouzja, Alireza"]
[Black "Vachier-Lagrave, Maxime"]
[Result "1/2-1/2"]
[WhiteElo "2763"]
[BlackElo "2731"]
[PlyCount "111"]
[EventDate "2023.12.09"]
[EventType "tourn"]
[EventRounds "7"]
[EventCountry "CAN"]
[EventCategory "20"]
[Source "ChessMix"]
[SourceDate "2023.12.20"]

1. e4 c5 2. Nf3 d6 3. d4 cxd4 4. Nxd4 Nf6 5. Nc3 a6 6. Qd3 Nbd7 7. Be2 g6 8.
Bg5 Bg7 9. f4 b5 10. Nc6 Qc7 11. Nxe7 Bb7 12. Bxf6 Nxf6 13. Ned5 Nxd5 14. Nxd5
Bxd5 15. Qxd5 Bxb2 16. Qxa8+ Ke7 17. Qxa6 Bxa1 18. O-O Bd4+ 19. Kh1 Rb8 20.
Bxb5 Qxc2 21. e5 dxe5 22. fxe5 Bxe5 23. Bd3 Qc8 24. Qa3+ Ke8 25. Qa4+ Kf8 26.
Bc4 f6 27. Qa3+ Kg7 28. Qe7+ Kh6 29. Bb3 Rb7 30. Qa3 Rc7 31. Qb4 Kg7 32. Qd2
Qd7 33. Qe2 Qd4 34. g3 Qc5 35. Rd1 h5 36. Kg2 Qc6+ 37. Bd5 Qa4 38. Be4 Re7 39.
Bf3 h4 40. Rc1 hxg3 41. hxg3 Qa3 42. Qd2 Qd6 43. Qf2 Qd4 44. Qe2 Bd6 45. Qf2
Qxf2+ 46. Kxf2 Ra7 47. Bd5 f5 48. Rc6 Be5 49. Re6 Bf6 50. Kf3 Re7 51. Rd6 Be5
52. Rc6 Bd4 53. Be6 Kf6 54. Bb3+ Kg5 55. Re6 Rxe6 56. Bxe6 1/2-1/2

[Event "CCT Playoff"]
[Site "Toronto CAN"]
[Date "2023.12.11"]
[Round "5.2"]
[White "Lazavik, Denis"]
[Black "Caruana, Fabiano"]
[Result "1/2-1/2"]
[WhiteElo "2566"]
[BlackElo "2794"]
[PlyCount "114"]
[EventDate "2023.12.09"]
[EventType "tourn"]
[EventRounds "7"]
[EventCountry "CAN"]
[EventCategory "20"]
[Source "ChessMix"]
[SourceDate "2023.12.20"]

1. d4 Nf6 2. c4 e6 3. Nc3 Bb4 4. e3 c5 5. Bd3 d5 6. cxd5 Nxd5 7. Nge2 cxd4 8.
exd4 O-O 9. O-O Re8 10. Bc2 Nc6 11. Qd3 g6 12. Qf3 Bf8 13. Be4 Nxc3 14. bxc3 e5
15. Rd1 exd4 16. cxd4 Bg7 17. Be3 Qh4 18. Bd5 Bf5 19. Ng3 Be6 20. Bxe6 Rxe6 21.
d5 Ne5 22. Qe4 Qxe4 23. Nxe4 Ree8 24. Nd6 Re7 25. Rac1 Rd7 26. Ne4 b6 27. Bg5
f5 28. Nf6+ Bxf6 29. Bxf6 Nf7 30. Rc6 Re8 31. h4 Ne5 32. Rcc1 Kf7 33. Bg5 Ng4
34. Rd2 h6 35. Bf4 Nf6 36. Bxh6 Rxd5 37. Rdc2 Red8 38. f3 Rd1+ 39. Kf2 Rxc1 40.
Rxc1 Nd5 41. Bg5 Rd7 42. a3 Nc7 43. g4 fxg4 44. fxg4 Ne6 45. Be3 Rd3 46. h5
gxh5 47. gxh5 Rxa3 48. h6 Ra2+ 49. Kg3 Ra3 50. Kf3 Ng5+ 51. Kf4 Ne6+ 52. Ke4
Ra4+ 53. Ke5 Rh4 54. Kd6 Nc5 55. Rf1+ Kg6 56. Bxc5 bxc5 57. Kxc5 Rxh6 1/2-1/2

[Event "CCT Playoff"]
[Site "Toronto CAN"]
[Date "2023.12.11"]
[Round "5.2"]
[White "So, Wesley"]
[Black "Carlsen, Magnus"]
[Result "1/2-1/2"]
[WhiteElo "2752"]
[BlackElo "2830"]
[PlyCount "33"]
[EventDate "2023.12.09"]
[EventType "tourn"]
[EventRounds "7"]
[EventCountry "CAN"]
[EventCategory "20"]
[Source "ChessMix"]
[SourceDate "2023.12.20"]

1. d4 Nf6 2. c4 e6 3. Nc3 d5 4. Bg5 Be7 5. e3 h6 6. Bh4 dxc4 7. Bxc4 c5 8. dxc5
Qxd1+ 9. Rxd1 Nbd7 10. Nb5 O-O 11. Nc7 Rb8 12. Bg3 Nxc5 13. Ne8 Ra8 14. Nc7 Rb8
15. Nb5 Ra8 16. Nc7 Rb8 17. Nb5 1/2-1/2

[Event "CCT Playoff"]
[Site "Toronto CAN"]
[Date "2023.12.11"]
[Round "5.3"]
[White "So, Wesley"]
[Black "Carlsen, Magnus"]
[Result "1-0"]
[WhiteElo "2752"]
[BlackElo "2830"]
[PlyCount "118"]
[EventDate "2023.12.09"]
[EventType "tourn"]
[EventRounds "7"]
[EventCountry "CAN"]
[EventCategory "20"]
[Source "ChessMix"]
[SourceDate "2023.12.20"]

1. e4 c5 2. Nc3 Nc6 3. Nf3 e5 4. Bc4 g6 5. d3 h6 6. h3 d6 7. Nh2 Bg7 8. O-O Nf6
9. f4 exf4 10. Bxf4 O-O 11. Qd2 Kh7 12. Nf3 Be6 13. Ng5+ hxg5 14. Bxg5 Ne5 15.
Qf2 Ned7 16. e5 dxe5 17. Ne4 Qb6 18. Qh4+ Nh5 19. g4 Bxc4 20. gxh5 Bd5 21. Nf6+
Nxf6 22. Rxf6 Qxf6 23. Bxf6 g5 24. Qxg5 Bxf6 25. Qf5+ Kg7 26. h6+ Kxh6 27.
Qxf6+ Kh7 28. Qf5+ Kh6 29. Qf6+ Kh7 30. Kf2 Rg8 31. Qh4+ Kg6 32. Rg1+ Kf5 33.
Qh7+ Rg6 34. Rxg6 fxg6 35. Qd7+ Be6 36. Qxb7 Rh8 37. Kg3 g5 38. Qg7 Rh4 39. b3
a5 40. a4 e4 41. dxe4+ Kxe4 42. Qg6+ Bf5 43. Qc6+ Kd4 44. c3+ Ke5 45. Qxc5+ Kf6
46. Qb6+ Be6 47. Kg2 Re4 48. b4 axb4 49. cxb4 Re2+ 50. Kg3 Ra2 51. Qd4+ Kf5 52.
Qd3+ Ke5 53. a5 Bd5 54. Qe3+ Kf5 55. Qd3+ Ke5 56. Kg4 Rg2+ 57. Kh5 Be4 58. Qc3+
Kf4 59. a6 Rc2 1-0

[Event "CCT Playoff"]
[Site "Toronto CAN"]
[Date "2023.12.11"]
[Round "6.1"]
[White "Abdusattorov, Nodirbek"]
[Black "So, Wesley"]
[Result "1/2-1/2"]
[WhiteElo "2727"]
[BlackElo "2752"]
[PlyCount "138"]
[EventDate "2023.12.09"]
[EventType "tourn"]
[EventRounds "7"]
[EventCountry "CAN"]
[EventCategory "20"]
[Source "ChessMix"]
[SourceDate "2023.12.20"]

1. e4 e5 2. Nf3 Nc6 3. d4 exd4 4. Nxd4 Nf6 5. Nxc6 bxc6 6. e5 Qe7 7. Qe2 Nd5 8.
g3 g6 9. c4 Ba6 10. b3 Bg7 11. Bb2 O-O 12. Bh3 d6 13. O-O Bxe5 14. Bg2 Bxb2 15.
Qxb2 Qf6 16. Qxf6 Nxf6 17. Bxc6 Rab8 18. Nc3 Bb7 19. Bxb7 Rxb7 20. Rfe1 Rd8 21.
Rad1 Kf8 22. Re3 a5 23. Kg2 Nd7 24. Na4 Nb6 25. Nxb6 Rxb6 26. c5 Rb4 27. cxd6
Rxd6 28. Rxd6 cxd6 29. Kf3 d5 30. Rd3 a4 31. Re3 axb3 32. axb3 h5 33. Ke2 d4
34. Re4 Kg7 35. h4 Kf6 36. Kd2 Kf5 37. Re7 f6 38. Kc2 g5 39. Rc7 gxh4 40. gxh4
Ke4 41. Re7+ Kf3 42. Re6 Kxf2 43. Rxf6+ Kg3 44. Rg6+ Kxh4 45. Kb2 Rb8 46. Rd6
Kg3 47. Rxd4 h4 48. Rd3+ Kg2 49. Rd2+ Kf3 50. Rd3+ Kg4 51. Rd4+ Kg5 52. Rd5+
Kg6 53. Rd6+ Kg7 54. Rd7+ Kf6 55. Rh7 Rb4 56. Ka3 Kg6 57. Rh8 Kg7 58. Rh5 Kg6
59. Rh8 Rf4 60. b4 Kg5 61. Ka4 Kg4 62. Ka5 h3 63. b5 Rf5 64. Ka6 Rh5 65. Rg8+
Kh4 66. Rg1 h2 67. Rh1 Rxb5 68. Rxh2+ Kg3 69. Kxb5 Kxh2 1/2-1/2

[Event "CCT Playoff"]
[Site "Toronto CAN"]
[Date "2023.12.11"]
[Round "6.1"]
[White "Carlsen, Magnus"]
[Black "Vachier-Lagrave, Maxime"]
[Result "1-0"]
[WhiteElo "2830"]
[BlackElo "2731"]
[PlyCount "45"]
[EventDate "2023.12.09"]
[EventType "tourn"]
[EventRounds "7"]
[EventCountry "CAN"]
[EventCategory "20"]
[Source "ChessMix"]
[SourceDate "2023.12.20"]

1. Nf3 d5 2. c4 e6 3. g3 Nf6 4. Bg2 Be7 5. O-O O-O 6. b3 d4 7. e3 Nc6 8. exd4
Nxd4 9. Bb2 Bc5 10. Nc3 Re8 11. Ne5 Bd6 12. f4 Bc5 13. Kh1 Qe7 14. g4 Rd8 15.
g5 Nd7 16. Ne4 Nf8 17. Qh5 Ng6 18. Ng4 Ba3 19. Ngf6+ gxf6 20. gxf6 Qb4 21. Ng5
Kf8 22. Qxh7 Rd7 23. Bxd4 1-0

[Event "CCT Playoff"]
[Site "Toronto CAN"]
[Date "2023.12.11"]
[Round "6.1"]
[White "Firouzja, Alireza"]
[Black "Lazavik, Denis"]
[Result "1/2-1/2"]
[WhiteElo "2763"]
[BlackElo "2566"]
[PlyCount "104"]
[EventDate "2023.12.09"]
[EventType "tourn"]
[EventRounds "7"]
[EventCountry "CAN"]
[EventCategory "20"]
[Source "ChessMix"]
[SourceDate "2023.12.20"]

1. e4 e5 2. Nf3 Nc6 3. Bc4 Bc5 4. d3 Nf6 5. Bg5 h6 6. Bh4 Be7 7. Bg3 d6 8. a4
O-O 9. Nbd2 Kh8 10. c3 Ng8 11. a5 a6 12. Qb3 f5 13. exf5 Bf6 14. Be6 Nge7 15.
Ne4 Nxf5 16. Bxc8 Qxc8 17. O-O Be7 18. Rfe1 Rb8 19. Qa4 d5 20. Ned2 Nxg3 21.
hxg3 Qf5 22. Nf1 Bc5 23. Ne3 Qxd3 24. Rad1 Qe4 25. Qxe4 dxe4 26. Nh4 Rf7 27.
Rd5 Ba7 28. Nd1 g5 29. Ng6+ Kg7 30. Nxe5 Nxe5 31. Rxe5 Rbf8 32. R1xe4 Bxf2+ 33.
Nxf2 Rxf2 34. Rb4 Rc2 35. Re7+ Kg6 36. Re6+ Rf6 37. Rxf6+ Kxf6 38. Rxb7 Kf5 39.
Rb4 h5 40. Kh2 Ke5 41. Rc4 Rxb2 42. Rc5+ Kf6 43. Rxc7 Rc2 44. g4 hxg4 45. c4
Kf5 46. Rf7+ Kg6 47. Ra7 Rxc4 48. Rxa6+ Kf5 49. Ra8 Ra4 50. a6 Kf6 51. Kg3 Kg6
52. a7 Kg7 1/2-1/2